| 000 | 00771nam a2200181Ia 4500 | ||
|---|---|---|---|
| 008 | 100921s9999 xx 000 0 und d | ||
| 082 |
_b25259 _a808.068 थ 91 |
||
| 100 | _aहिवराळे सुखराम. | ||
| 245 | _aडॉ.भीमराव रामजी आंबेडकर. | ||
| 260 |
_bप्रचार प्रकाशन, कोल्हापूर. _c1991 |
||
| 300 |
_a20 _bरसिक साहित्य,पुणे |
||
| 365 | _b5 | ||
| 520 | _aललित-बालवाङ्रमय. | ||
| 630 | _aडॉ.भीमराव रामजी आंबेडकर. | ||
| 650 | _aललित-बालवाङ्रमय. | ||
| 730 | _aडॉ.भीमराव रामजी आंबेडकर. | ||
| 942 | _cBOOK | ||
| 999 |
_c774372 _d774369 |
||